Clinical skills for pharmacists : (Record no. 1083)

MARC details
000 -LEADER
fixed length control field 00969pam a2200277 a 4500
001 - CONTROL NUMBER
control field 1179826
003 - CONTROL NUMBER IDENTIFIER
control field OSt
005 - DATE AND TIME OF LATEST TRANSACTION
control field 20190830101939.0
008 - FIXED-LENGTH DATA ELEMENTS--GENERAL INFORMATION
fixed length control field 970324s1997 moua b 001 0 eng c
010 ## - LIBRARY OF CONGRESS CONTROL NUMBER
LC control number 97011635
020 ## - INTERNATIONAL STANDARD BOOK NUMBER
International Standard Book Number 0801664845
040 ## - CATALOGING SOURCE
Original cataloging agency DNLM/DLC
Transcribing agency DLC
Modifying agency DLC
050 10 - LIBRARY OF CONGRESS CALL NUMBER
Classification number RS91
Item number .T54 1997
060 10 - NATIONAL LIBRARY OF MEDICINE CALL NUMBER
Classification number QV 737 T564c 1997
082 00 - DEWEY DECIMAL CLASSIFICATION NUMBER
Classification number QV 737 T446c 1997
Edition number 21
100 1# - MAIN ENTRY--PERSONAL NAME
Personal name Tietze, Karen J.
9 (RLIN) 2926
245 10 - TITLE STATEMENT
Title Clinical skills for pharmacists :
Remainder of title a patient-focused approach
260 ## - PUBLICATION, DISTRIBUTION, ETC. (IMPRINT)
Place of publication, distribution, etc. St. Louis, Mo. :
Name of publisher, distributor, etc. Mosby,
Date of publication, distribution, etc. c1997.
300 ## - PHYSICAL DESCRIPTION
Extent xi, 223 p. :
Other physical details ill. ;
Dimensions 24 cm.
500 ## - GENERAL NOTE
General note A Times Mirror Company--T.p verso.
504 ## - BIBLIOGRAPHY, ETC. NOTE
Bibliography, etc Includes bibliographical references and index.
650 #0 - SUBJECT ADDED ENTRY--TOPICAL TERM
Topical term or geographic name as entry element Pharmacy skills
9 (RLIN) 2927
906 ## - LOCAL DATA ELEMENT F, LDF (RLIN)
a 7
b cbc
c orignew
d 1
e ocip
f 19
g y-gencatlg
942 ## - ADDED ENTRY ELEMENTS (KOHA)
Source of classification or shelving scheme Other/Generic Classification Scheme
Koha item type Short Loan
Holdings
Withdrawn status Lost status Source of classification or shelving scheme Damaged status Not for loan Home library Current library Date acquired Source of acquisition Inventory number Total Checkouts Full call number Barcode Date last seen Price effective from Koha item type
    Other/Generic Classification Scheme     MUST Main Library MUST Main Library 25/02/2015   2006/26427   QV 737 T446c 1997 2015-0365 25/02/2015 25/02/2015 Short Loan